000 00615 a2200193 4500
999 _c4582
_d4582
020 _a9780409045673
050 0 0 _aKTL 834 NEE 1999
100 1 _aNeethling, J.
_eauthor
245 1 0 _aLaw of delict /
_cJ. Neethling, J.M. Potgieter and P.J. Visser.
250 _a3rd ed.
264 _aDurban;South Africa:
_bButterworths,
_c1999
300 _a441 p. ;
500 _aIncludes bibliographical references and index.
504 _aIncludes bibliographical references and index.
650 0 _aTorts
700 1 _aPotgieter, J. M.
_eauthor
700 1 _aVisser, P. J.
_eauthor
942 _2lcc
_cBK
_e3rd ed.
_h834
_iNEE
_kKTL